000
00337nam a22001457a 4500
008
230130b ||||| |||| 00| 0 eng d
020
_a
9780721644899
041
_a
eng
080
_2
SECOND EDITION
_a
610.73
082
_a
610.73BET
100
_a
7
101
_a
INF
245
_a
NURSING CARE OF CHILDREN
_c
BETZ L C
942
_2
udc
_c
BK
999
_c
59294
_d
59294